| 000 | 01086nam a22002297a 4500 | ||
|---|---|---|---|
| 999 |
_c70 _d70 |
||
| 003 | AR-CdUCM | ||
| 008 | 190221b ||||| |||| 00| 0 spa d | ||
| 040 |
_aMUNICIPALIDAD PROVINCIAL DEL CUSCO _cBIBLIOTECA MUNICIPAL DEL CUSCO |
||
| 082 |
_a980 / _bG18 |
||
| 100 |
_aGalíndez, Jesús _9339 |
||
| 245 |
_aIberoamérica : _bsu evolución política, socio-económica, cultural e internacional / |
||
| 260 |
_aNew York : _bLas Americas Publishing Co, _c1954. |
||
| 300 |
_aXV ; 620 páginas ; _bilustraciones, mapa, _c24 cm. |
||
| 505 | _aContenido: Geografía física y humana de Iberoamerica -- Culturas indígenas primitivas -- El descubrimiento del nuevo mundo, y la esclavitud de sus indígenas -- Descubridores, conquistadores y colonos españoles. Su pugna con las autoridades reales -- Organzacon de la colonia bajo la monarquia española. | ||
| 650 |
_aHistoria-Colonia _9340 |
||
| 650 |
_aAmérica pre-hispanica _9341 |
||
| 650 |
_aAmérica independiente _9342 |
||
| 650 |
_aConflictos sociales _9343 |
||
| 700 |
_aGalíndez, Jesús _9339 |
||
| 942 |
_2ddc _cLIBROS |
||
| 945 | _azta | ||